| 000 | 01535nam0a2200337 4500 | ||
|---|---|---|---|
| 001 | RU\NLR\bibl\898670 | ||
| 005 | 20250614175136.0 | ||
| 010 |
_a5-204-00465-3 _9200 |
||
| 021 |
_aRU _b2005-69530 _93422 |
||
| 035 | _a(NLR Aleph) 000887121 | ||
| 090 |
_a1695282 _c1695282 |
||
| 100 | _a20060120d2005 |||y0rusy50 ca | ||
| 101 | 0 | _arus | |
| 102 | _aRU | ||
| 105 | _aa z ||||| | ||
| 200 | 1 |
_aАрттерапевтические занятия с воспитанниками детского дома дошкольного возраста в рамках личностно-ориентированного подхода _eметодические рекомендации _fЛ.А. Повстян _gУн-т Рос. акад. образования, Рубцов. фил. |
|
| 210 |
_aМосква _cИзд-во УРАО _d2005 |
||
| 215 |
_a47 с. _cил. _d20 |
||
| 320 | _aБиблиогр.: с. 30-31 (45 назв.) | ||
| 606 | 1 |
_aДошкольные детские дома _jМетодические пособия _9945544 _3RU\NLR\auth\66350512 |
|
| 606 | 1 |
_aДетские дома _jМетодические пособия _xПсихологическая служба _92192582 _3RU\NLR\auth\661317940 |
|
| 686 | _aЧ414(2)715 | ||
| 686 | _aЮ984.0я78 | ||
| 686 | _aЮ984.92я78 | ||
| 700 | 1 |
_aПовстян _bЛ. А. _gЛюдмила Александровна _4070 |
|
| 801 | 0 |
_aRU _bNLR _c20060120 _grcr |
|
| 801 | 1 |
_aRU _bNLR _c20060120 |
|
| 830 | _aАвт. по кн. | ||
| 942 | _cBOOK | ||
| 980 | _aNB | ||